<?xml version="1.0" encoding="UTF-8"?><?xml-stylesheet type="text/xsl" href="static/style.xsl"?><OAI-PMH xmlns="http://www.openarchives.org/OAI/2.0/" xmlns:xsi="http://www.w3.org/2001/XMLSchema-instance" xsi:schemaLocation="http://www.openarchives.org/OAI/2.0/ http://www.openarchives.org/OAI/2.0/OAI-PMH.xsd"><responseDate>2026-04-14T06:17:16Z</responseDate><request verb="GetRecord" identifier="oai:www.recercat.cat:20.500.12327/3017" metadataPrefix="marc">https://recercat.cat/oai/request</request><GetRecord><record><header><identifier>oai:recercat.cat:20.500.12327/3017</identifier><datestamp>2025-10-22T11:24:31Z</datestamp><setSpec>com_2072_4428</setSpec><setSpec>com_2072_4427</setSpec><setSpec>col_2072_487898</setSpec></header><metadata><record xmlns="http://www.loc.gov/MARC21/slim" xmlns:dcterms="http://purl.org/dc/terms/" xmlns:xsi="http://www.w3.org/2001/XMLSchema-instance" xmlns:doc="http://www.lyncode.com/xoai" xsi:schemaLocation="http://www.loc.gov/MARC21/slim http://www.loc.gov/standards/marcxml/schema/MARC21slim.xsd">
   <leader>00925njm 22002777a 4500</leader>
   <datafield ind2=" " ind1=" " tag="042">
      <subfield code="a">dc</subfield>
   </datafield>
   <datafield ind2=" " ind1=" " tag="720">
      <subfield code="a">Mora, Marcos</subfield>
      <subfield code="e">author</subfield>
   </datafield>
   <datafield ind2=" " ind1=" " tag="720">
      <subfield code="a">Espinoza, Jacqueline</subfield>
      <subfield code="e">author</subfield>
   </datafield>
   <datafield ind2=" " ind1=" " tag="720">
      <subfield code="a">Schnettler, Berta</subfield>
      <subfield code="e">author</subfield>
   </datafield>
   <datafield ind2=" " ind1=" " tag="720">
      <subfield code="a">Echeverria, Gemma</subfield>
      <subfield code="e">author</subfield>
   </datafield>
   <datafield ind2=" " ind1=" " tag="720">
      <subfield code="a">Predieri, Stefano</subfield>
      <subfield code="e">author</subfield>
   </datafield>
   <datafield ind2=" " ind1=" " tag="720">
      <subfield code="a">Infante, Rodrigo</subfield>
      <subfield code="e">author</subfield>
   </datafield>
   <datafield ind2=" " ind1=" " tag="260">
      <subfield code="c">2011-02-28</subfield>
   </datafield>
   <datafield ind2=" " ind1=" " tag="520">
      <subfield code="a">The quality requirements that consumers consider in their&#xd;
decision to purchase fresh fruit have garnered a great deal of attention from the actors in the&#xd;
fresh fruit productivity chain. This study seeks to identify attributes that could explain how a&#xd;
consumer of fresh peaches perceives quality. The focus on the peach was because of the limited&#xd;
knowledge of the signs of quality that the consumer is seeking in this fruit. As a result, the&#xd;
objective was to produce a model that explains the perception of the quality of fresh peaches by&#xd;
Spanish consumers. A theoretical model was created that explains quality using a set of intrinsic&#xd;
and extrinsic attributes. The information was from a survey of closed questions administered&#xd;
in person to a non-probabilistic sample of 192 Spanish consumers. The methodology used was&#xd;
structural equation modeling, with an analysis for goodness of fit using the indicators CMIN/&#xd;
DF, RMR, NFI, RFI, RMSEA, and HOELTER. Thus, by adjusting the values recommended by&#xd;
the literature, a model was identified that explains the quality decisions of the consumers studied&#xd;
using two sets of attributes: intrinsic and extrinsic. Finally, significant and strong relationships&#xd;
were established between the perceived quality and the homogeneity of the fruit and between&#xd;
the perceived quality and the availability in supermarkets and fruit stores.</subfield>
   </datafield>
   <datafield ind1="8" ind2=" " tag="024">
      <subfield code="a">Mora, Marcos, Jacqueline Espinoza, Berta Schnettler, Gemma Echeverría, Stefano Predieri, and Rodrigo Infante. 2011. “Perceived Quality in Fresh Peaches: An Approach Through Structural Equation Modeling.” Ciencia e Investigación Agraria 38 (2): 179–190. doi:10.4067/s0718-16202011000200002</subfield>
   </datafield>
   <datafield ind1="8" ind2=" " tag="024">
      <subfield code="a">0718-1620</subfield>
   </datafield>
   <datafield ind1="8" ind2=" " tag="024">
      <subfield code="a">http://hdl.handle.net/20.500.12327/3017</subfield>
   </datafield>
   <datafield ind1="8" ind2=" " tag="024">
      <subfield code="a">http://doi.org/10.4067/S0718-16202011000200002</subfield>
   </datafield>
   <datafield ind2="0" ind1="0" tag="245">
      <subfield code="a">Perceived quality in fresh peaches: an approach through structural equation modeling</subfield>
   </datafield>
</record></metadata></record></GetRecord></OAI-PMH>